Systémy sociálních dávek v zemích střední a východní Evropy v přechodném období. 1
Systém sociálnych dávok v krajinách strednej a východnej Európy bol kncipovaný tak, aby zodpovedal potrebám a záujmom direktívnej ekonomiky. Prispôsobenie sociálnych dávok potrebám slobodnej trhovej ekonomike. Problémy prechodného obdobia ( nezamestnanosť, zníženie reálnych príjmov obyvateľstva, ras...
Salvato in:
| Autore principale: | |
|---|---|
| Natura: | Capitolo di libro |
| Lingua: | ceco |
| Soggetti: | |
| Tags: |
Nessun Tag, puoi essere il primo ad aggiungerne!!
|
MARC
| LEADER | 00000naa a2200000 4500 | ||
|---|---|---|---|
| 001 | r023898 | ||
| 005 | 20221213083132.1 | ||
| 041 | 0 | |a cze | |
| 044 | |a CZ | ||
| 245 | 1 | 0 | |a Systémy sociálních dávek v zemích střední a východní Evropy v přechodném období. 1 |c Igor Tomeš |
| 520 | |a Systém sociálnych dávok v krajinách strednej a východnej Európy bol kncipovaný tak, aby zodpovedal potrebám a záujmom direktívnej ekonomiky. Prispôsobenie sociálnych dávok potrebám slobodnej trhovej ekonomike. Problémy prechodného obdobia ( nezamestnanosť, zníženie reálnych príjmov obyvateľstva, rast chudoby ). Poskytovanie dávok v nezamestnanosti, dávok pri úrazoch a chorobách z povolania, rodinných prídavkov, dôchodkov, dávok pre postihnutých ľudí, dávok pozostalým. | ||
| 610 | 2 | 0 | |a dávky sociálne |
| 610 | 2 | 0 | |a východná Európa |
| 610 | 2 | 0 | |a stredná Európa |
| 610 | 2 | 0 | |a hospodárstvo trhové |
| 610 | 2 | 0 | |a nezamestnanosť |
| 610 | 2 | 0 | |a chudoba |
| 610 | 2 | 0 | |a prídavky na deti |
| 610 | 2 | 0 | |a dôchodky starobné |
| 610 | 2 | 0 | |a dôchodky invalidné |
| 610 | 2 | 0 | |a nemocenské |
| 100 | 1 | |a Tomeš, Igor | |